[Event "FIDE Olympiad Disabilties-KO 2020"]
[Site "Online"]
[Date "2020.11.21"]
[Round "2.1"]
[White "Smirnov, Alexey"]
[Black "Nowak, Lukasz"]
[Result "1-0"]
[WhiteElo "2436"]
[BlackElo "2265"]
[Annotator "TA"]
[PlyCount "73"]
[EventDate "2020.11.29"]
[EventType "team-tourn"]
[EventCountry "NET"]
[SourceTitle "playchess.com"]
[Source "ChessBase"]
[SourceQuality "1"]
[WhiteTeam "Russia"]
[BlackTeam "Poland"]
[WhiteTeamCountry "RUS"]
[BlackTeamCountry "POL"]

{[%evp 17,73,20,14,8,18,28,26,8,0,10,50,39,60,63,66,55,79,49,43,27,57,61,56,27,77,79,87,92,93,92,203,196,197,197,500,500,490,491,481,481,459,441,464,325,316,307,304,236,769,747,733,722,707,682,671,664,653,637]} 1. d4 Nf6 2. c4 e6 3. Nf3 d5 4. Nc3 Bb4 5. Bg5 dxc4 6. e4 h6 7. Bxf6 Qxf6 8. Bxc4 O-O 9. O-O c5 10. a3 {D39: Queen's Gambit Declined: Ragozin Defence with 5 Bg5 dxc4.} cxd4 11. e5 {[#]} ({Don't play} 11. axb4 dxc3 12. Rb1 Rd8 $15) 11... Qe7 $146 ({Predecessor:} 11... Qd8 12. axb4 dxc3 13. bxc3 Qc7 14. Qe2 b6 15. Nd4 Nc6 16. Nxc6 Qxc6 17. Bb5 Qc7 {0-1 (51) Arsovic,G (2422)-Hera,I (2555) Skopje 2012}) 12. axb4 {White has an edge.} dxc3 13. bxc3 Rd8 (13... Qc7 $5 {[%cal Rc7c4]} 14. Bd3 b6 $11) 14. Qe2 Nd7 15. Qe4 $36 {[%mdl 2048] White fights for an advantage.} Nf8 16. Nd4 a6 17. Be2 Rb8 18. f4 Bd7 19. Rf3 Rdc8 20. Raf1 {aiming for f5.} Bc6 21. Nxc6 {White stays focused until the end.} Rxc6 22. f5 exf5 23. Rxf5 f6 (23... Ng6 $16 {keeps fighting.}) 24. Bc4+ $18 Kh8 25. Bd5 Rxc3 $2 (25... Rc7 {is tougher.} 26. exf6 Qxe4 27. Bxe4 Nh7) 26. exf6 Qxe4 27. fxg7+ {[%mdl 64] Discovered Attack} (27. Bxe4 Rc7 $16) 27... Kxg7 {[#]} 28. Rf7+ $1 ({Not} 28. Bxe4 Rc7 $16) 28... Kh8 29. Bxe4 Rcc8 30. Bxb7 Rd8 31. Bxa6 Nd7 32. Be2 Rxb4 $2 {[#]} (32... Ne5) 33. Rd1 {White is clearly winning.} Rb7 34. Bg4 Rg8 35. Rfxd7 Rxd7 36. Bxd7 Rd8 37. Bg4 {Weighted Error Value: White=0.15/Black=0.33} 1-0

[Event "FIDE Olympiad Disabilties-KO 2020"]
[Site "Online"]
[Date "2020.11.21"]
[Round "2.1"]
[White "Yarmonov, Igor"]
[Black "Piekielny, Pawel"]
[Result "1/2-1/2"]
[WhiteElo "2391"]
[BlackElo "2098"]
[Annotator "TA"]
[PlyCount "98"]
[EventDate "2020.11.29"]
[EventType "team-tourn"]
[EventCountry "NET"]
[SourceTitle "playchess.com"]
[Source "ChessBase"]
[SourceQuality "1"]
[WhiteTeam "Russia"]
[BlackTeam "Poland"]
[WhiteTeamCountry "RUS"]
[BlackTeamCountry "POL"]

{[%evp 21,98,0,-1,-16,-5,-11,-14,-16,-13,-13,-4,-31,0,-32,-20,-32,-7,-27,-27,-22,0,-3,0,0,0,0,0,-56,-49,-80,-85,-86,-81,-83,12,-77,-77,-77,-77,-104,-79,-79,0,-97,-81,-78,-80,-76,-76,-76,0,-76,0,-77,0,-104,-104,-102,-30,-33,-22,-23,-23,-39,-38,-104,-64,-77,-64,-72,-29,-31,-29,-59,0,-31,0,-45,0]} 1. d4 Nf6 2. Bf4 e6 3. e3 c5 4. c3 Nc6 5. Nd2 d5 6. Bd3 Bd6 7. Bxd6 Qxd6 8. Ngf3 O-O 9. O-O e5 10. dxe5 Nxe5 11. Nxe5 Qxe5 12. Qf3 {D02: 1 d4 d5 2 Nf3 sidelines, including 2...Nf6 3 g3 and 2...Nf6 3 Bf4.} Bg4 (12... Rd8 {looks sharper.} 13. Rfe1 b6 14. a4 Be6 15. h3 Rab8) 13. Qg3 Qxg3 14. hxg3 {The position is equal.} Rfd8 {[#]} 15. f3 $146 ({Predecessor:} 15. Rfe1 Rd6 16. a3 Rad8 17. Rab1 Rc6 18. Rbc1 g6 19. f3 Be6 20. g4 h6 21. Re2 {½-½ (49) Skreno,V (2200)-Nagy,T (2234) Slovakia 2017}) 15... Be6 16. a3 Rac8 17. Rfc1 h6 18. Kf2 Rc6 19. Ke2 c4 20. Bc2 Rb6 21. b4 cxb3 22. Nxb3 Rc8 23. Nd4 Nd7 24. Rcb1 (24. a4 $11) 24... Rxc3 $15 25. Rxb6 Nxb6 26. a4 Nc4 27. Bd3 Nd6 (27... Ne5 $17 28. Bb5 Rc5) 28. a5 (28. Nb5 $1 $11 Nxb5 29. axb5) 28... Bd7 $17 29. Kd2 Rc7 30. Rb1 Rc5 31. Nb3 Rc7 32. Nd4 Kf8 33. g4 Ke7 34. Rb4 Rc5 35. Nb3 Rc7 36. Nd4 Rc5 37. Nb3 $1 {[%cal Rb3c5]} Rc7 (37... Rc6 $17) 38. g3 (38. Nd4 $11 {remains equal.}) 38... Nc8 39. Nd4 b6 (39... Ke8 $17) 40. axb6 $11 Nxb6 41. Rb1 Na4 42. Rb8 Nc5 43. Rg8 (43. Bb5 $15) 43... Kf6 44. Ra8 Rb7 45. Bc2 g6 46. Rh8 Kg7 47. Ra8 Kf6 48. Rh8 $1 Kg7 49. Ra8 Kf6 {Weighted Error Value: White=0.18/Black=0.25} 1/2-1/2

[Event "FIDE Olympiad Disabilties-KO 2020"]
[Site "Online"]
[Date "2020.11.21"]
[Round "2.1"]
[White "Babarykin, Stanislav"]
[Black "Tazbir, Marcin"]
[Result "1/2-1/2"]
[WhiteElo "2387"]
[BlackElo "2513"]
[Annotator "TA"]
[PlyCount "28"]
[EventDate "2020.11.29"]
[EventType "team-tourn"]
[EventCountry "NET"]
[SourceTitle "playchess.com"]
[Source "ChessBase"]
[SourceQuality "1"]
[WhiteTeam "Ukraine"]
[BlackTeam "Poland"]
[WhiteTeamCountry "UKR"]
[BlackTeamCountry "POL"]

{[%evp 20,28,12,16,18,20,28,24,21,24,39]} 1. d4 Nf6 2. Bf4 g6 3. e3 d6 4. h3 Bg7 5. Nf3 O-O 6. Be2 c5 7. c3 Qb6 8. Qb3 Be6 9. Qxb6 axb6 10. a3 Nc6 {[%cal Bb8c6,Bc6a5,Ba5b3][%mdl 32] 10...Bd5 is the hot move.} 11. Nbd2 Na5 {A48: 1 d4 Nf6 2 Nf3 g6: Torre, London and Colle Systems.} 12. O-O Nb3 13. Rad1 Nxd2 14. Nxd2 {[#]} Rac8 $146 {White took control after the opening. Not enough moves} ({Predecessor:} 14... Bd5 15. Bf3 Bxf3 16. Nxf3 Rfd8 17. Nd2 Nd5 18. Bg3 e5 19. dxe5 dxe5 20. Nc4 f6 {1-0 (32) Cherevko,K (2116)-Malin,D (2040) Anapa 2009}) 1/2-1/2

[Event "FIDE Olympiad Disabilties-KO 2020"]
[Site "Online"]
[Date "2020.11.21"]
[Round "2.1"]
[White "Molenda, Marcin"]
[Black "Kaydanovich, Marina"]
[Result "1-0"]
[WhiteElo "2349"]
[BlackElo "1734"]
[Annotator "TA"]
[PlyCount "107"]
[EventDate "2020.11.29"]
[EventType "team-tourn"]
[EventCountry "NET"]
[SourceTitle "playchess.com"]
[Source "ChessBase"]
[SourceQuality "1"]
[WhiteTeam "Poland"]
[BlackTeam "Russia"]
[WhiteTeamCountry "POL"]
[BlackTeamCountry "RUS"]

{[%evp 20,107,74,71,79,79,80,76,76,49,48,42,38,50,40,40,58,60,64,65,79,81,85,59,70,2,52,-8,-2,-4,45,39,205,56,82,84,102,86,110,112,107,87,84,74,72,59,81,57,69,66,60,59,75,62,125,125,321,251,439,438,491,481,498,391,370,238,269,288,345,356,757,739,1165,1095,1005,954,29982,29983,5050,843,6516,6264,29954,6460,29967,29965,29966,29967,6103,5598]} 1. Nf3 Nf6 2. d4 d5 3. c4 e6 4. g3 dxc4 5. Qa4+ Nbd7 6. Bg2 c5 7. O-O cxd4 8. Nxd4 Be7 9. Rd1 Qb6 10. Qxc4 O-O 11. Nc3 Ne5 {E02: Open Catalan: 5 Qa4+.} 12. Qb5 Qxb5 13. Ndxb5 Nc6 {[#] White is better.} 14. Nd6 $146 ({Predecessor:} 14. Bf4 e5 15. Bg5 Bf5 16. Bxf6 Bxf6 17. Nd6 Bc8 18. Nce4 Be7 19. Nc5 Rb8 20. e3 {1-0 (31) Degtiarev,E (2195)-Doehn,R Dresden 2002}) 14... Rd8 15. Bf4 e5 16. Nxc8 Raxc8 17. Bd2 b6 18. Bh3 Rb8 19. Rac1 Nd4 20. Kf1 h6 21. Be1 b5 {[%cal Bb6b5,Bb5b4][%mdl 32]} 22. f3 (22. Nb1 $14) 22... a5 (22... b4 $5 {[%cal Rb4c3]} 23. Ne4 Nxe4 24. fxe4 b3 25. axb3 Rxb3 $11) 23. Bg2 (23. Bf2 $14) 23... b4 $11 24. Na4 Rbc8 25. e3 {Hoping for Rxc8.} Nf5 $2 {[#]} (25... Rxc1 $14 26. Rxc1 Ne6) 26. Ke2 (26. Rxc8 $1 $18 Rxc8 27. Bh3) 26... Rxc1 27. Rxc1 Bd6 28. Rc6 Ne7 29. Ra6 Bc7 30. Ra7 Ne8 31. f4 exf4 32. gxf4 Nc8 33. Ra8 (33. Ra6 {with more complications.} Ne7 34. Nc5 Nf6 35. Bh4 Ned5 36. Ne4) 33... Ncd6 34. Rxd8 Bxd8 35. Kd3 Kf8 36. e4 Ke7 {Black is on the road to losing.} (36... f6 $14) 37. Bf2 $16 Kd7 $2 {[#]} (37... f6 $16 {keeps fighting.} 38. e5 Nf7) 38. Nc5+ Kc8 $2 (38... Ke7 {was called for.} 39. e5 Nf5) 39. e5 $18 Nb5 40. Bc6 Nec7 41. Kc4 Na7 42. Bd7+ Kb8 43. f5 Be7 44. Bg3 Bxc5 $2 (44... Nc8 45. e6 fxe6) 45. Kxc5 {[%mdl 4096] Endgame KBB-KNN} Kb7 46. e6 fxe6 47. fxe6 Nc8 48. Bc6+ Kb8 49. Bd6 (49. Be4 $142 Ka7 50. Bxc7) 49... Nxd6 50. Kxd6 Kc8 51. e7 g5 52. e8=Q+ Nxe8+ 53. Bxe8 Kd8 54. Bh5 {Weighted Error Value: White=0.26/Black=0.94} 1-0

[Event "FIDE Olympiad Disabilties-KO 2020"]
[Site "Online"]
[Date "2020.11.21"]
[Round "2.1"]
[White "Sovetov, Oleksandr"]
[Black "Szalko, Maciej"]
[Result "1-0"]
[WhiteElo "2022"]
[BlackElo "1946"]
[Annotator "TA"]
[PlyCount "99"]
[EventDate "2020.11.29"]
[EventType "team-tourn"]
[EventCountry "NET"]
[SourceTitle "playchess.com"]
[Source "ChessBase"]
[SourceQuality "1"]
[WhiteTeam "Ukraine"]
[BlackTeam "Poland"]
[WhiteTeamCountry "UKR"]
[BlackTeamCountry "POL"]

{[%evp 13,99,21,65,57,73,59,63,65,117,119,112,112,106,112,112,119,113,106,154,164,201,204,202,163,165,162,199,183,169,162,298,249,334,242,245,237,259,183,183,180,263,226,289,227,233,193,203,206,241,244,285,275,373,369,333,300,352,355,396,391,381,377,452,439,481,475,472,453,1208,1361,1301,1327,1258,1257,1178,1144,1300,1058,962,1053,29983,29984,29985,29986,29993,29994,29994,990]} 1. d4 Nf6 2. c4 g6 3. Nc3 d5 4. Nf3 Bg7 5. Bf4 c6 6. e3 O-O 7. Qb3 b6 {7...Na6 is a critical line.} 8. Be2 {D93: Grünfeld: 4 Nf3 Bg7 5 Bf4 0-0 6 e3.} Ba6 9. Rc1 e6 10. h3 {[#] White is slightly better.} Ne4 $146 {[#]} (10... c5 $14) ({Predecessor:} 10... Nbd7 11. O-O Bb7 12. Rfd1 Qe7 13. a3 h6 14. Bh2 Rfd8 15. c5 b5 16. Nxb5 cxb5 {1-0 (53) Mamedyarov,S (2764)-Cerveny,M (2386) chess.com INT 2020}) 11. cxd5 $1 $16 exd5 12. Bxb8 {Bf4 is the strong threat.} Bxe2 13. Nxe2 {Black must now prevent Bf4.} Rxb8 14. Rxc6 Qd7 15. Rc1 Rfe8 16. O-O g5 17. Nc3 Rbd8 18. Nxe4 dxe4 19. Nh2 ({Much weaker is} 19. Nxg5 $6 h6 $11) 19... h5 20. Qd1 h4 21. Qh5 Qf5 (21... f6 $142 22. Rc4 Qf7 23. Qxf7+ Kxf7) 22. Rc7 a5 23. Rfc1 Rd6 24. Qg4 Qxg4 25. Nxg4 f5 26. Nh2 f4 (26... Rf6 {might work better.} 27. Nf1 Bf8) 27. Ng4 Red8 28. Rb7 R8d7 29. Rcc7 Rxc7 30. Rxc7 $18 {[%mdl 4096] Endgame KRB-KRN} Kh7 31. Kf1 Kg6 32. Ke2 Re6 33. a4 Rd6 34. b3 Bh8 35. Rc8 Bg7 36. Kd2 Kf7 37. Rc7+ Kg6 38. Kc3 Bf8 39. Kc4 Bg7 40. d5 Bb2 (40... fxe3 $142 41. Nxe3 Rf6) 41. Rc6 Ba3 42. Kb5 Kf7 43. Rxd6 Bxd6 44. Kxb6 {KB-KN} Bb4 45. Kc6 Ke7 46. Ne5 Be1 47. d6+ {White mates.} Ke6 48. d7 Bxf2 49. d8=Q {[%mdl 64] [#] Double Attack} Kxe5 50. Qxg5+ {White took control after the opening.  Weighted Error Value: White=0.12/Black=0.50} (50. Qd6+ $142 Kf5 51. Kd7 g4 52. Ke7 Kg5 53. Qf6+ Kh5 54. hxg4+ {[%mdl 64] Overworked Piece} Kxg4 55. Qg6#) 1-0

[Event "FIDE Olympiad Disabilties-KO 2020"]
[Site "Online"]
[Date "2020.11.21"]
[Round "2.1"]
[White "Checiak, Krzysztof"]
[Black "Mukha, Nikolay"]
[Result "0-1"]
[WhiteElo "1967"]
[BlackElo "2163"]
[Annotator "TA"]
[PlyCount "68"]
[EventDate "2020.11.29"]
[EventType "team-tourn"]
[EventCountry "NET"]
[SourceTitle "playchess.com"]
[Source "ChessBase"]
[SourceQuality "1"]
[WhiteTeam "Poland"]
[BlackTeam "Ukraine"]
[WhiteTeamCountry "POL"]
[BlackTeamCountry "UKR"]

{[%evp 18,67,51,23,100,42,38,28,37,20,10,7,41,0,-10,-47,-60,-110,-104,-104,-70,-173,-168,-161,-157,-191,-153,-258,-243,-350,-218,-245,-236,-326,-329,-327,-328,-360,-355,-924,-200,-1817,-1637,-29986,-29986,-29988,-29989,-29992,-29993,-29993,-29993,-29999]} 1. e4 c5 2. Nf3 d6 3. d4 cxd4 4. Nxd4 Nf6 5. Nc3 a6 6. Be2 e5 7. Nb3 Be6 8. O-O Be7 9. f4 Qc7 10. Kh1 Bc4 {[#] B92: Sicilian Najdorf: 6 Be2.} (10... Nbd7 $11) 11. Bxc4 $146 (11. g4 $1 $16) ({Predecessor:} 11. g4 h6 12. g5 hxg5 13. fxg5 Bxe2 14. Qxe2 Nh5 15. Nd5 Qd7 16. Qg2 Bd8 17. Be3 Nc6 18. g6 {1-0 (42) Womacka,M (2446)-Guenthner,O (2238) Triesen 2014}) 11... Qxc4 $14 12. Qf3 Nbd7 {White has an edge.} 13. a4 O-O 14. Be3 exf4 15. Bxf4 ({White should try} 15. Qxf4 $14 Ne5 16. Nd4) 15... Ne5 $11 16. Bxe5 dxe5 17. Rfd1 Bb4 18. Nd2 Qc7 19. Ndb1 ({White should play} 19. Na2 $15 Bc5 20. c4) 19... Rad8 20. Rf1 Rd4 21. g4 Qc4 22. Re1 (22. g5 $17 Nxe4 23. Nxe4 Rxe4 24. c3) 22... h6 $19 23. h4 (23. Re2 {is a better defense.}) 23... Nh7 24. Rg1 Rfd8 25. g5 hxg5 26. hxg5 Nf8 27. Na3 Qe6 {Hoping for ...Bxc3.} 28. Nd5 $2 {[#]} (28. Rae1) 28... Bc5 $2 (28... Rxe4 $1 {[%mdl 512]} 29. Nxb4 (29. Qxe4 Qh3#) 29... Rh4+ 30. Kg2 Rd2+ 31. Kf1 Rf4 $1 {[%mdl 512]}) 29. c3 $2 {[#]} (29. Rg2) 29... Rxe4 $1 {[%mdl 576] Strongly threatening ...Rh4+. Discovered Attack} 30. Nf6+ (30. Qxe4 Qh3#) 30... gxf6 {Black mates.} 31. gxf6+ Ng6 32. Rxg6+ fxg6 33. f7+ Kg7 34. Qxe4 Qh3# {Weighted Error Value: White=0.93/Black=0.55} 0-1

[Event "FIDE Olympiad Disabilties-KO 2020"]
[Site "Online"]
[Date "2020.11.21"]
[Round "2.1"]
[White "Stolarczyk, Anna"]
[Black "Palin, Denis"]
[Result "0-1"]
[WhiteElo "1909"]
[BlackElo "2110"]
[Annotator "TA"]
[PlyCount "94"]
[EventDate "2020.11.29"]
[EventType "team-tourn"]
[EventCountry "NET"]
[SourceTitle "playchess.com"]
[Source "ChessBase"]
[SourceQuality "1"]
[WhiteTeam "Poland"]
[BlackTeam "Russia"]
[WhiteTeamCountry "POL"]
[BlackTeamCountry "RUS"]

{[%evp 24,94,23,-6,4,0,10,8,0,0,0,0,0,7,18,-33,-36,-52,-52,-64,-70,-116,-117,-105,-108,-109,-108,-107,-101,-102,-103,-153,-103,-157,-143,-210,-162,-167,-166,-185,-161,-222,-210,-311,-281,-291,-284,-854,-836,-961,-935,-845,-772,-772,-734,-797,-775,-908,763,-733,-726,-677,-570,-783,-403,-5243,-4998,-29990,-29988,-29988,-29989,-29989,-29982]} 1. Nf3 e6 2. g3 d5 3. Bg2 c5 4. c4 Nc6 5. d4 Nf6 6. O-O Be7 7. Nc3 O-O 8. cxd5 exd5 9. Bg5 cxd4 10. Nxd4 h6 11. Be3 Re8 12. Nxc6 bxc6 13. Na4 Bd7 {[#] D34: Tarrasch Defence: 6 g3 Nf6 7 Bg2 Be7.} 14. Nc5 $146 ({Predecessor:} 14. Rc1 Bf8 15. Bc5 Bxc5 {½-½ (15) Barth,N (2192)-Yu,M (2419) Budapest 2000}) 14... Bxc5 15. Bxc5 Ne4 {The position is equal.} 16. Bxe4 Rxe4 17. f3 Re8 18. Rc1 Qa5 19. a3 (19. a4 $11) 19... Qb5 $15 20. Rf2 Qxb2 21. e4 Qb7 22. Qd4 {[#]} dxe4 $1 23. fxe4 Bh3 24. Rb2 Qc7 25. Bd6 Qd7 26. e5 {[#]} Rab8 $1 {[%mdl 512]} 27. Rbc2 (27. Rxb8 Rxb8) 27... Rb6 28. Qa4 ({White should play} 28. Bc5 Qxd4+ 29. Bxd4) 28... Rc8 29. Qf4 (29. Bc5 $17) 29... Be6 30. Rd2 {intending Bc5.} Bd5 31. a4 Qb7 32. Bc5 (32. Qf5 {is a better defense.} g6 33. Qc2) 32... Rb1 $19 33. Rdc2 (33. Rf2 {was called for.}) 33... Rxc1+ 34. Qxc1 Qb3 {Hoping for ...Qf3.} 35. Bxa7 $2 (35. Rf2) 35... Qxa4 36. Bc5 Qe4 37. h3 Qh1+ {[%mdl 64] Double Attack} 38. Kf2 Qg2+ 39. Ke3 Qxg3+ 40. Kd4 Qf4+ $4 {[%mdl 8192]} (40... Ra8 $19 41. Rb2 Ra4+ 42. Bb4 Qh4+ 43. Kd3 Qe4+ 44. Kd2 Qf4+ 45. Kd1 Qxe5) 41. Kc3 $4 {[%mdl 8192]} (41. Qxf4 $18 Kh8 42. Rb2) 41... Qxe5+ 42. Bd4 Qg3+ 43. Kd2 Qxh3 {[#]} 44. Rc3 (44. Qg1 $142 $1 {[%mdl 512]} f6 45. Bxf6) 44... Qg2+ 45. Kd3 Qe4+ {Black mates.} 46. Kd2 Qxd4+ 47. Rd3 Qf4+ {Weighted Error Value: White=0.99/Black=0.26} 0-1

[Event "FIDE Olympiad Disabilties-KO 2020"]
[Site "Online"]
[Date "2020.11.21"]
[Round "2.1"]
[White "Szewczyk, Malwina"]
[Black "Solomna, Svitlana"]
[Result "1-0"]
[WhiteElo "1418"]
[BlackElo "1434"]
[Annotator "NA RC"]
[PlyCount "81"]
[EventDate "2020.11.29"]
[EventType "team-tourn"]
[EventCountry "NET"]
[SourceTitle "playchess.com"]
[Source "ChessBase"]
[SourceQuality "1"]
[WhiteTeam "Poland"]
[BlackTeam "Ukraine"]
[WhiteTeamCountry "POL"]
[BlackTeamCountry "UKR"]
[TimeControl "1500+10"]

1. d4 d5 2. e3 Nf6 3. Bd3 e6 4. Nf3 h6 5. Nbd2 Be7 6. b3 O-O 7. O-O c5 8. Bb2 Nc6 9. Ne5 Qc7 10. a3 a6 11. f4 cxd4 12. exd4 b5 13. c4 bxc4 14. bxc4 Rb8 15. Bc3 dxc4 16. Ndxc4 Nd5 17. Bd2 Nxd4 18. Rb1 Bd7 19. Ba5 Qa7 20. Nxd7 Qxd7 21. Ne5 Qd6 22. Qa4 Nf5 23. Bxf5 exf5 24. Nd7 Rxb1 25. Rxb1 Rc8 26. Ne5 Qxa3 27. Qxa3 Bxa3 28. Bd2 Bc5+ 29. Kf1 Bd4 30. Nf3 Bf6 31. Ke2 Nc3+ 32. Bxc3 Rxc3 33. Rb8+ Kh7 34. Ra8 Rc6 35. Ra7 Kg6 36. h3 Bc3 37. Kd3 f6 38. Nh4+ Kh5 39. Nxf5 Bb4 40. g4+ Kg6 41. Rxg7# 1-0

[Event "FIDE Olympiad Disabilties-KO 2020"]
[Site "Online"]
[Date "2020.11.21"]
[Round "2.2"]
[White "Tazbir, Marcin"]
[Black "Babarykin, Stanislav"]
[Result "1-0"]
[WhiteElo "2513"]
[BlackElo "2387"]
[Annotator "TA"]
[PlyCount "67"]
[EventDate "2020.11.29"]
[EventType "team-tourn"]
[EventCountry "NET"]
[SourceTitle "playchess.com"]
[Source "ChessBase"]
[SourceQuality "1"]

{[%evp 9,67,28,32,32,21,9,18,13,13,0,0,0,-6,-20,0,0,0,0,6,6,25,35,52,55,52,48,46,39,36,11,13,6,7,3,4,4,2,2,45,46,41,37,45,51,49,26,33,25,273,254,503,399,392,389,582,582,541,541,704,700]} 1. c4 e5 2. g3 Nc6 3. Bg2 Bc5 4. Nc3 a6 5. e3 d6 6. Nge2 {A25: English Opening vs King's Indian with ...Nc6 but without early d3.} Ba7 7. Nd5 {7.b3 is the modern continuation.} Nf6 (7... Nce7 {is interesting.} 8. Nxe7 Qxe7 9. b3 Nf6 10. d4 O-O) 8. a3 {The position is equal.} O-O 9. O-O Nxd5 10. cxd5 Ne7 {[#]} 11. d3 $146 ({Predecessor:} 11. b4 h5 12. Bb2 h4 13. d4 hxg3 14. Nxg3 Ng6 15. dxe5 Nxe5 16. Bxe5 dxe5 17. Rc1 {0-1 (63) Zysk,R (2400)-Kuhn,H (2094) Tegernsee 2017}) 11... c6 12. dxc6 Nxc6 13. b4 Be6 14. Bb2 Qd7 15. d4 Bh3 16. dxe5 dxe5 17. Qxd7 Bxd7 18. Nc3 Rfd8 19. b5 axb5 20. Nxb5 Bc5 21. Rfc1 Bf8 22. Nc7 Ra5 23. Rd1 Bg4 24. Rxd8 Nxd8 25. h3 Be2 26. Re1 $36 {[%mdl 2048] Black is under pressure.} Bd3 27. Rd1 e4 28. Bf1 Bxf1 $2 {[#] This move loses the game for Black.} (28... Bxa3 $11 {and Black stays safe.} 29. Bc3 (29. Bxd3 Bxb2 30. Bb1 Nc6 $14) 29... Rc5 30. Bxd3 Rxc3 31. Bxe4 Rc1 32. Rxc1 Bxc1) 29. Rxd8 $18 Rc5 $2 (29... Be2 30. Bc3 Rc5) 30. Nd5 ({Weaker is} 30. Kxf1 Rxc7 31. a4 f5 $18) 30... Rxd5 31. Rxd5 Bd3 (31... Ba6 $142 32. Bc3 Be7) 32. a4 {White is clearly winning.} f6 33. Rd8 Ba6 34. Ba3 {Weighted Error Value: White=0.07/Black=0.36} 1-0

[Event "FIDE Olympiad Disabilties-KO 2020"]
[Site "Online"]
[Date "2020.11.21"]
[Round "2.2"]
[White "Nowak, Lukasz"]
[Black "Smirnov, Alexey"]
[Result "0-1"]
[WhiteElo "2265"]
[BlackElo "2436"]
[Annotator "TA"]
[PlyCount "66"]
[EventDate "2020.11.29"]
[EventType "team-tourn"]
[EventCountry "NET"]
[SourceTitle "playchess.com"]
[Source "ChessBase"]
[SourceQuality "1"]

{[%evp 19,66,13,5,10,15,9,15,0,13,12,18,13,6,10,10,8,18,8,16,16,16,16,22,0,0,0,0,0,0,-150,-106,-567,-125,-160,-158,-160,-164,-220,-225,-439,-354,-439,-409,-432,-430,-427,-372,-5822,-5226]} 1. c4 e5 2. g3 Nf6 3. Bg2 d5 4. cxd5 Nxd5 5. Nc3 Nb6 6. Nf3 Nc6 7. O-O Be7 8. a3 O-O 9. b4 {[%cal Bb2b4,Bb4b5][%mdl 32]} Be6 10. Rb1 f6 11. b5 {is recently more successful than 11.d3. A29: English Opening: Four Knights Variation with 4 g3.} Nd4 12. e3 Nxf3+ 13. Bxf3 {The position is equal.} Rb8 14. d4 exd4 15. exd4 Re8 16. Re1 Bf7 17. a4 Nc4 {[#]} 18. h4 $146 ({Predecessor:} 18. Bf4 Bd6 19. Bxd6 Nxd6 20. Rxe8+ Qxe8 21. Rc1 c6 22. bxc6 bxc6 23. Qd2 Qd7 24. Qf4 {1-0 (42) Zhukova,N (2377)-Lysenko,M (2190) St Petersburg 2018}) 18... Qd7 19. Bf4 Bd6 20. Rxe8+ Rxe8 21. Bxb7 {Hoping for Bc6.} Bxf4 22. Bc6 $1 {[%cal Rc6d7]} Qh3 23. Bxe8 Bxe8 24. Qe1 ({White should play} 24. gxf4 $11 Qxc3 25. Rc1) 24... Bh5 25. Qe4 $2 {[%mdl 8192] [#]} (25. Qf1 $17 Qxf1+ 26. Rxf1) 25... Bd6 $2 $40 {[%mdl 128] Black has strong attack.} (25... Nd2 $1 $19 {has better winning chances. ( -> ...Nf3+)} 26. Qd5+ {[%mdl 64] Double Attack} Kf8 27. Qc5+ (27. Qxh5 $2 Bxg3 28. fxg3 Qxg3+ {[%mdl 64] Double Attack} 29. Kh1 Qh3+ 30. Kg1 Qxc3 $19) 27... Bd6 28. Qxh5 Bxg3 29. fxg3 Qxg3+ {[%mdl 64] Double Attack} 30. Kh1 Qh3+ 31. Kg1 Qxc3) 26. Qd5+ Bf7 27. Qa8+ Bf8 28. Re1 (28. Qh1 {was called for.} Qc8 29. Rc1) 28... Nd2 $19 29. Re2 $2 {[#]} (29. Rd1 Qe6 30. Qc6 (30. b6 $2 axb6 31. Qg2 Qc4 $19)) 29... Qf1+ $1 30. Kh2 Nb1 31. Rc2 Nxc3 32. Rxc3 Qxf2+ 33. Kh1 $2 (33. Qg2 Qxd4 {[%mdl 64] Double Attack} 34. Rxc7) 33... Qe1+ {Weighted Error Value: White=0.75/Black=0.60} 0-1